00438nam a2200145 i 4500001000700000003000900007007000300016008004100019100001800060245009800078260003300176300003500209700001600244852003200260149305ES-MaACLt|071019s1984 xxk ||||1| eng d1 aVansina, Jan.10aArt history in Africa b: an introduction to method / cJan Vansina ; drawings by C. Vansina. aLondon : bLongman, c[1984] aXIV, 233 p. : bil. ; c23 cm.1 aVansina, C. aES-MaACLjL-7117 bR.107746